đź“–150 premiers mots "La petite Fadette" George Sand - Statistiques

Statistiques générales
  • Ce quiz a Ă©tĂ© pris 17 fois
  • Le rĂ©sultat moyen est 72 sur 150
Statistiques - réponses
Mot % Correct
Ă 
100%
l'
100%
s'
92%
C'
83%
Cosse,
83%
d'
83%
de
83%
du
83%
la
83%
Le
83%
le
83%
les
83%
un
83%
une
83%
avait
75%
Barbeau,
75%
en
75%
et
75%
était
75%
pour
75%
qu'
75%
que
75%
avec
67%
il
67%
Il
67%
mère
67%
ne
67%
on
67%
pas
67%
père
67%
qui
67%
sa
67%
Sa
67%
se
67%
autre ; ...
58%
elle
58%
enfants
58%
maison
58%
bon
50%
deux
50%
lui
50%
sans
50%
étaient
42%
fois,
42%
homme
42%
pouvait
42%
si
42%
Son
42%
trois
42%
déjà
33%
ĂŞtre
33%
garçons
33%
quand
33%
bien
25%
distinguer
25%
faisait-
25%
méchant,
25%
pareils,
25%
venait,
25%
bonnes
17%
champs
17%
donner
17%
doute
17%
famille
17%
jardin
17%
parce
17%
voisin.
17%
âge
8%
ainsi
8%
aise ;
8%
assez
8%
attaché
8%
aussi
8%
avisa
8%
beaux
8%
cinq
8%
commune...
8%
connu
8%
Conseil
8%
donnaient
8%
mettaient
8%
Municipal
8%
partie
8%
première
8%
presque
8%
qualité.
8%
très
8%
affaires
0%
alentour
0%
bâtie,
0%
bénéfice.
0%
certain
0%
courageux,
0%
couverte
0%
dépêcher
0%
fallait
0%
fourrage
0%
nourriture
0%
rapport
0%
réalisait
0%
suffisamment
0%
tuiles,
0%
vigne.
0%
voyant
0%
Aucun quiz correspondant
Distribution des résultats
% des personnes avec chaque résultat
Percentile par nombre de réponses
Votre historique - résultats
Vous n’avez pas pris ce quiz